সরোজিনী ও ইফিজেনিয়া / (Record no. 52748)
[ view plain ]
| 000 -LEADER | |
|---|---|
| fixed length control field | 00844nam a2200217 a 4500 |
| 001 - CONTROL NUMBER | |
| control field | 52748 |
| 003 - CONTROL NUMBER IDENTIFIER | |
| rucl marc code | BD-RjUL |
| 005 - DATE AND TIME OF LATEST TRANSACTION | |
| control field | 20211209075844.0 |
| 008 - FIXED-LENGTH DATA ELEMENTS--GENERAL INFORMATION | |
| fixed length control field | 160926s1966 bg ||||| |||| 00| 0 ben d |
| 035 ## - SYSTEM CONTROL NUMBER | |
| System control number | (BD-RjUL)52868 |
| 040 ## - CATALOGING SOURCE | |
| Original cataloging agency | BD-RjUL |
| Language of cataloging | ben |
| Transcribing agency | BD-RjUL |
| 041 ## - LANGUAGE CODE | |
| Language code of text/sound track or separate title | ben |
| 082 ## - DEWEY DECIMAL CLASSIFICATION NUMBER | |
| Edition number | 23 |
| Classification number | 891.44209 |
| Author mark and year | CHS 1966 |
| 100 ## - MAIN ENTRY--PERSONAL NAME | |
| Personal name | চৌধু্রী, মুনীর |
| 9 (RLIN) | 157747 |
| 245 10 - TITLE STATEMENT | |
| Title | সরোজিনী ও ইফিজেনিয়া / |
| Statement of responsibility, etc. | মুনীর চৌধু্রী |
| 260 ## - PUBLICATION, DISTRIBUTION, ETC. (IMPRINT) | |
| Place of publication, distribution, etc. | ঢাকা : |
| Name of publisher, distributor, etc. | সাহিত্য পত্রিকা, |
| Date of publication, distribution, etc. | ১৯৬৬ [১৩৭৩] |
| 300 ## - PHYSICAL DESCRIPTION | |
| Pagination | ৯০ পৃ. ; |
| Size | ২৬ সেমি. |
| 650 ## - SUBJECT ADDED ENTRY--TOPICAL TERM | |
| Topical term or geographic name as entry element | বাংলা নাটক |
| General subdivision | ইতিহাস ও সমালোচনা |
| 9 (RLIN) | 123674 |
| Topical term or geographic name as entry element | Bengali Drama |
| General subdivision | History & Criticism |
| 9 (RLIN) | 127231 |
| 942 ## - ADDED ENTRY ELEMENTS (KOHA) | |
| Source of classification or shelving scheme | Dewey Decimal Classification |
| Koha item type | Books |
| Lost status | Source of classification or shelving scheme | Damaged status | Not for loan | Collection code | Permanent Location | Current Location | Shelving location | Date acquired | Source of acquisition | Cost, normal purchase price | Total Checkouts | Full call number | Date last seen | Copy number | Koha item type |
|---|---|---|---|---|---|---|---|---|---|---|---|---|---|---|---|
| Dewey Decimal Classification | Non-fiction | Central Library, University of Rajshahi | Central Library, University of Rajshahi | 12/06/1968 | Nawroge | 1.50 | B 891.44209 CHS 1966 | 26/09/2016 | C-2 | Books |